Xây dựng hệ thống câu hỏi trắc nghiệm dùng trong dạy học Địa lý Lớp 10 cải cách giáo dục (Ban KHXHNV) ở Trường THPT và nhằm nâng cao năng lực dạy học cho Sinh viên Sư phạm Địa lý

Gespeichert in:
Bibliographische Detailangaben
1. Verfasser: Đậu Thị Hòa TS. (Chủ nhiệm đề tài)
Format: Buch
Veröffentlicht: 2005
Tags: Tag hinzufügen
Keine Tags, Fügen Sie den ersten Tag hinzu!
Thư viện lưu trữ: Mạng thư viện Đại học Đà Nẵng
LEADER 00858nam a2200229 4500
001 000020484
003 16930
005 20150320140309.0
008 150320s2005 sd
100 1 |a Đậu Thị Hòa  |c TS.  |e Chủ nhiệm đề tài 
245 1 0 |a Xây dựng hệ thống câu hỏi trắc nghiệm dùng trong dạy học Địa lý Lớp 10 cải cách giáo dục (Ban KHXHNV) ở Trường THPT và nhằm nâng cao năng lực dạy học cho Sinh viên Sư phạm Địa lý  |c Đậu Thị Hòa 
260 |c 2005 
500 |a Đề tài NCKH cấp Bộ . Mã số : B2005-16-38 
OWN |a LSP 
999 |a From the UDN01 
TYP |a Mixed Materials 
TYP |a Monograph 
TYP |a Printed language 
980 |a Mạng thư viện Đại học Đà Nẵng